01497nam a22002417a 45000010005000000030006000050050017000110080041000280200018000690400029000870500009001160820011001251000018001362450034001542600031001883000048002195050007002675200854002745210027011285210018011556500054011737000028012277311FISKH20250709102056.0250709b cb ||||| |||| 00| 0 eng d a9788956354132 aFISKHbengcFISKHdFISKH aPZ7  a398.2  aGrimm, Jacob  aAllerleirauh /cBrother Grimm aSeoul :bE-Future,c2009.  a34 pages : bcolor illustrations ; c21 cm  aH  aA widowed king promises his dying wife that he will only marry someone as beautiful as she was. After her death, he searches for such a woman but finds no one—until his own daughter grows up and resembles her mother. The king declares he will marry her, horrifying the princess. To avoid the marriage, the princess demands three seemingly impossible dresses: one as golden as the sun, one as silver as the moon, and one as glittering as the stars. She also asks for a magical cloak made of a thousand different furs ("Allerleirauh"). When the king provides all of them, she runs away in disguise, hiding her identity under the cloak. She finds work as a kitchen maid in a faraway castle. At night, she secretly wears her beautiful dresses and catches the attention of the young king. Eventually, he discovers her true identity, and they marry. 8 a430 bLexile estimate 8 aH bRaz-Plus  aFairy Tale vClassic LiteraturexGrimm Brothers  aGrimm, Wilhelm eAuthor